00337nam a22001337a 4500003000400000020001800004082001800022100002200040245005300062260003200115300000800147650002400155653002400179SGT a9788131256893 a617.632bP19N aNowak, Arthur J.  aPediatric DentistrybInfancy through Adolescence aNetherlandsbElsevierc2019 a634 aPediatric Dentistry aPediatric Dentistry